<?xml version="1.0" encoding="UTF-8"?>
<record
    xmlns:xsi="http://www.w3.org/2001/XMLSchema-instance"
    xsi:schemaLocation="http://www.loc.gov/MARC21/slim http://www.loc.gov/standards/marcxml/schema/MARC21slim.xsd"
    xmlns="http://www.loc.gov/MARC21/slim">

  <leader>01273    a2200193   4500</leader>
  <controlfield tag="001">59519</controlfield>
  <controlfield tag="005">20260407155849.0</controlfield>
  <controlfield tag="008">260407a1995    arg                 spa d</controlfield>
  <controlfield tag="003">AR-UNSa-BCEJYS</controlfield>
  <datafield tag="040" ind1=" " ind2=" ">
    <subfield code="a">AR-UNSa-BCEJYS</subfield>
    <subfield code="b">spa</subfield>
    <subfield code="c">AR-UNSa-BCEJYS</subfield>
  </datafield>
  <datafield tag="080" ind1=" " ind2=" ">
    <subfield code="a">330(82)</subfield>
    <subfield code="x">Economia Argentina</subfield>
  </datafield>
  <datafield tag="245" ind1="1" ind2="0">
    <subfield code="a">Mas alla de la estabilidad</subfield>
    <subfield code="p">Argentina en la &#xE9;poca de la globalizaci&#xF3;n y la regionalizaci&#xF3;n</subfield>
  </datafield>
  <datafield tag="264" ind1=" " ind2="1">
    <subfield code="a">Buenos Aires :</subfield>
    <subfield code="b">Fundaci&#xF3;n Friedrich Ebert</subfield>
    <subfield code="c">1995</subfield>
  </datafield>
  <datafield tag="300" ind1=" " ind2=" ">
    <subfield code="a">328 p.</subfield>
    <subfield code="c">23 cm.</subfield>
  </datafield>
  <datafield tag="505" ind1=" " ind2=" ">
    <subfield code="a">1. Argentina: &#xBF;Nuevo capitalismo emergente? &#x2013; 2. Un ensayo sobre la pol&#xED;tica econ&#xF3;mica despu&#xE9;s de la estabilizaci&#xF3;n &#x2013; 3. La industria argentina, un proceso de reestructuraci&#xF3;n desarticulada &#x2013; 4. Grandes grupos econ&#xF3;micos en la Argentina. Formas de propiedad y l&#xF3;gicas de expansi&#xF3;n &#x2013; 5. Las econom&#xED;as regionales: un proceso de decadencia estructural &#x2013; 6. Reconversi&#xF3;n productiva y empleo en Argentina &#x2013; 7. Baja inflaci&#xF3;n, reactivaci&#xF3;n y mayor desempleo &#xBF;paradoja o mala praxis? &#x2013; 8. Estabilizaci&#xF3;n, ajuste estructural y pol&#xED;tica social. Los inocentes son culpables &#x2013; 9. Antes y despu&#xE9;s de la uni&#xF3;n aduanera del Mercosur prioridades de pol&#xED;tica</subfield>
  </datafield>
  <datafield tag="942" ind1=" " ind2=" ">
    <subfield code="c">BK</subfield>
  </datafield>
  <datafield tag="590" ind1=" " ind2=" ">
    <subfield code="a">niveau_biblio:m niveau_hierar:0</subfield>
  </datafield>
  <datafield tag="100" ind1="1" ind2=" ">
    <subfield code="a">Bustos, Pablo</subfield>
  </datafield>
  <datafield tag="999" ind1=" " ind2=" ">
    <subfield code="c">6725</subfield>
    <subfield code="d">6725</subfield>
  </datafield>
  <datafield tag="952" ind1=" " ind2=" ">
    <subfield code="0">0</subfield>
    <subfield code="1">0</subfield>
    <subfield code="4">0</subfield>
    <subfield code="7">0</subfield>
    <subfield code="a">BCEJYS</subfield>
    <subfield code="b">BCEJYS</subfield>
    <subfield code="c">16</subfield>
    <subfield code="d">2026-04-07</subfield>
    <subfield code="l">0</subfield>
    <subfield code="o">330(82) B982</subfield>
    <subfield code="p">L69859</subfield>
    <subfield code="r">2026-04-07 15:58:49</subfield>
    <subfield code="w">2026-04-07</subfield>
    <subfield code="y">L</subfield>
  </datafield>
</record>
